LEADER 00397nab a2200133 i 4500 001 000000312716 003 CaOOAMICUS 005 20180831173057.0 008 180831n xx uu u0 0und r 013 $a21808 040 $aSeMil$bita 245 10$aDocumenti, Note e Discussioni. 773 0 $t[Gennaio-Giugno].$g75-80, 155-158,$w()274211 996 $6245$aDocumenti, Note e Discussioni$9(OLS)http://semarc/title/386651 LEADER 00756nam a2200205 i 4500 001 000000086345 003 CaOOAMICUS 005 20180830150008.0 008 180830s1955 xx u000 u und u 013 $a58585 040 $aSeMil$bita 245 10$aRiassunti delle comunicazioni. 260 $aFirenze :$bSansoni,$c1955. 300 $a441 p. 650 4$aStoria - Metodo.$0(OLS)http://semarc/subject/16134 700 1 $aGiunta centrale per gli studi storici .$0(OLS)http://semarc/name/39785 850 $aSeMil 852 $aSeMil$W1$xVenegono$y1$m66 29 7 *$j50063$B50063$CSeMilBibl$Z2$F53944 $81 996 $6245$aRiassunti delle comunicazioni$9(OLS)http://semarc/title/132692 996 $6260$aFirenze :$bSansoni$9(OLS)http://semarc/publisher/29843